000 01183nam a2200241Ia 4500
003 Ost
005 20260507075403.0
008 260507s9999||||xx |||||||||||||| ||und||
020 _a1553224977
040 _cfsecg
041 _aara
082 _a330
100 _aأبو طه، أحمد محمد محمد
_eمؤلف
245 0 _aالتضخم النقدي :
_bأسبابه وأثره على الفرد والمجتمع في العصر الحديث دراسة تطبيقية من منتصف القرن العشرين /
_c أحمد محمد محمد أبو طه
260 _aالإسكندرية:
_bمكتبة الوفاء القانونية,
_c2012
300 _a272 صفحة؛
_bإيضاحات ؛
_c25 سم
504 _aالمراجع ص.247؛ كشاف موضوعات ص.272
520 _aحقيقة النقود ، حقيقة التضخم النقدي ، أنواع التضخم النقدي ، أسباب التضخم النقدي، آثار التضخم النقدي ، أثر التضخم على الأفراد والمجتمع
653 _aالأزمات الإقتصادية
653 _aالتضخم المالي
653 _aالنقود
942 _cكتاب
999 _c44286
_d44286